Familia obrera y acumulación de capital. En torno al trabajo doméstico

Tallennettuna:
Bibliografiset tiedot
Päätekijä: Moreno, Francisco Antonio
Aineistotyyppi: Teksti
Julkaistu: San Salvador :
Tagit: Lisää tagi
Ei tageja, Lisää ensimmäinen tagi!

MARC

LEADER 00000 a a2200000 04500
001 15818
003
040 |a CRAI/IIS  |c CRAI/IIS 
090 |a 015800  
100 |a Moreno, Francisco Antonio  
245 |a Familia obrera y acumulación de capital. En torno al trabajo doméstico  
260 |a San Salvador :  
300 |a 25 p.  
999 |c 6025  |d 6025